Представление документа в формате MARC21

Поле Инд. ПП Название Значение
Тип записи a
Библиографический уровень m
001 Контрольный номер DU/598037406
005 Дата корректировки 20260330094509.7
008 Кодируемые данные 20050314
020 a ISBN 978-5-534-16410-7
084 a Индекс другой классификации/Индекс ББК 88.56я73
100 1_ a Автор Свенцицкий А. Л.
q Полное имя Свенцицкий Анатолий Леонидович
245 10 a Заглавие Организационная психология
b Продолж. заглавия учебник для вузов
260 a Место издания Москва
b Издательство Юрайт
c Дата издания 2025
300 a Объем 504 с.
336 a Термин вида содержания Текст
337 a Термин типа средства электронный
440 _0 a Серия Высшее образование
521 0_ a Примеч. о целев. назн. психологи; бакалавриат
650 04 a Основная рубрика организационная психология
a Основная рубрика психология
653 0_ a Ключевые слова лидерство
a Ключевые слова личность
a Ключевые слова методы психодиагностики
a Ключевые слова организационная культура
a Ключевые слова организационное консультирование
a Ключевые слова организационное развитие
a Ключевые слова принятие решений
a Ключевые слова профессиональная подготовка
a Ключевые слова руководители
a Ключевые слова руководство
a Ключевые слова управление организацией
655 a Жанр/ форма (устаревшее) учебное пособие
856 40 a Имя сервера/домена ЭБС ЮРАЙТ
d Путь https://urait.ru
i Указания/сценарий входа Доступ по логину и паролю
u URL https://urait.ru/bcode/580190
v Время доступа к ресурсу 25.03.2027
y Справочный текст Электронная версия
900 x Справочная информация Полный текст
901 t Тип документа 0
952 a Тип литературы для КСУ ВШ УИ